[Event "BCF-chT4S 1617 (4NCL)"]
[Site "England"]
[Date "2017.03.19"]
[Round "8.25"]
[White "Thomas, Gary"]
[Black "Shaw, Meyrick"]
[Result "1/2-1/2"]
[WhiteElo "1945"]
[BlackElo "1935"]
[PlyCount "42"]
[EventDate "2016.11.26"]
[EventType "team-swiss"]
[EventRounds "11"]
[EventCountry "ENG"]
[SourceTitle "EXT 2019"]
[Source "ChessBase"]
[SourceDate "2018.10.10"]
[SourceVersion "1"]
[SourceVersionDate "2018.10.10"]
[SourceQuality "1"]
[WhiteTeam "The Full Ponty"]
[BlackTeam "Brown Jack II"]
[WhiteTeamCountry "WLS"]
[BlackTeamCountry "ENG"]

1. e4 c6 2. Nc3 d5 3. Nf3 d4 4. Ne2 c5 5. Ng3 Nc6 6. c4 e5 7. d3 Nf6 8. Be2 Bd6 9. h4 h6 10. h5 Ne7 11. Bd2 Qc7 12. a3 a5 13. b3 Bd7 14. Nh2 Nh7 15. Bg4 0-0 16. Bxd7 Qxd7 17. Nf3 f5 18. Nh4 f4 19. Ngf5 Nxf5 20. Nxf5 Nf6 21. a4 Kh7 1/2-1/2

[Event "BCF-chT4S 1617 (4NCL)"]
[Site "England"]
[Date "2017.03.18"]
[Round "7.15"]
[White "Pollack, Oscar"]
[Black "Thomas, Gary"]
[Result "0-1"]
[WhiteElo "2042"]
[BlackElo "1945"]
[PlyCount "50"]
[EventDate "2016.11.26"]
[EventType "team-swiss"]
[EventRounds "11"]
[EventCountry "ENG"]
[SourceTitle "EXT 2019"]
[Source "ChessBase"]
[SourceDate "2018.10.10"]
[SourceVersion "1"]
[SourceVersionDate "2018.10.10"]
[SourceQuality "1"]
[WhiteTeam "Barnet Knights"]
[BlackTeam "The Full Ponty"]
[WhiteTeamCountry "ENG"]
[BlackTeamCountry "WLS"]

1. d4 c5 2. d5 e5 3. e4 d6 4. Bb5+ Nd7 5. a4 a6 6. Bd3 b6 7. Na3 Ngf6 8. Nc4 Be7 9. f4 Rb8 10. Nf3 b5 11. axb5 axb5 12. Na5 c4 13. Nc6 Qb6 14. Nxb8 Nxb8 15. Be2 Nxe4 16. Rf1 Bg4 17. fxe5 dxe5 18. h3 Bxf3 19. Rxf3 Bh4+ 20. g3 Qg1+ 21. Bf1 Nxg3 22. Kd2 Qd4+ 23. Bd3 cxd3 24. cxd3 e4 25. Qe1 Qb4+ 0-1

[Event "BCF-chT4S 1617 (4NCL)"]
[Site "England"]
[Date "2017.01.15"]
[Round "4.45"]
[White "Thomas, Gary"]
[Black "Balakrishnan, Kathirvel"]
[Result "1/2-1/2"]
[WhiteElo "1945"]
[BlackElo "1556"]
[PlyCount "70"]
[EventDate "2016.11.26"]
[EventType "team-swiss"]
[EventRounds "11"]
[EventCountry "ENG"]
[SourceTitle "EXT 2019"]
[Source "ChessBase"]
[SourceDate "2018.10.10"]
[SourceVersion "1"]
[SourceVersionDate "2018.10.10"]
[SourceQuality "1"]
[WhiteTeam "The Full Ponty"]
[BlackTeam "Iceni II"]
[WhiteTeamCountry "WLS"]
[BlackTeamCountry "ENG"]

1. e4 e6 2. d4 d5 3. Nc3 Bb4 4. e5 Ne7 5. Nf3 c5 6. Bd2 cxd4 7. Nb5 Bc5 8. b4 a6 9. bxc5 axb5 10. Bxb5+ Bd7 11. Nxd4 Nbc6 12. Nxc6 Nxc6 13. Qg4 Rg8 14. Bxc6 Bxc6 15. 0-0 Ra4 16. f4 Qa8 17. Qh3 h6 18. f5 Qc8 19. f6 gxf6 20. Rxf6 Rag4 21. g3 Bb5 22. Be3 Qc7 23. Qh5 R8g6 24. Re1 Qa5 25. Rb1 Bc6 26. Rbf1 Bb5 27. Rxf7 Bxf1 28. Rxf1 Qc3 29. Bf2 R4g5 30. Qe2 Qxe5 31. Qb5+ Kd8 32. Be1 Qe3+ 33. Bf2 Rxg3+ 34. hxg3 Rxg3+ 35. Kh2 Rh3+ 1/2-1/2

[Event "BCF-chT3S 1314 (4NCL)"]
[Site "England"]
[Date "2013.11.17"]
[Round "2.89"]
[White "Myall, Ivan J"]
[Black "Thomas, Gary"]
[Result "1/2-1/2"]
[WhiteElo "2075"]
[BlackElo "1858"]
[PlyCount "54"]
[EventDate "2013.11.16"]
[EventType "team-swiss"]
[EventRounds "6"]
[EventCountry "ENG"]
[SourceTitle "CBM 157 Extra"]
[Source "ChessBase"]
[SourceDate "2013.12.19"]
[SourceVersion "1"]
[SourceVersionDate "2013.12.19"]
[SourceQuality "1"]
[WhiteTeam "Anglian Avengers II"]
[BlackTeam "The Full Ponty"]
[WhiteTeamCountry "ENG"]
[BlackTeamCountry "ENG"]

1. e4 d5 2. exd5 Nf6 3. d4 Nxd5 4. Nf3 g6 5. Be2 Bg7 6. 0-0 Nc6 7. c3 0-0 8. Re1 e6 9. Bg5 f6 10. Bh4 Nf4 11. Bf1 Kh8 12. Bg3 Nh5 13. Na3 Nxg3 14. hxg3 e5 15. dxe5 Qxd1 16. Raxd1 Nxe5 17. Nxe5 fxe5 18. Nc4 Be6 19. Nxe5 Bxe5 20. Rxe5 Bxa2 21. Re7 Rad8 22. Rdd7 Rxd7 23. Rxd7 Rf7 24. Rd4 Be6 25. Be2 c5 26. Re4 Bb3 27. Re5 b6 1/2-1/2